|
|
|
|
| LEADER |
01798nam a2200457Ia 4500 |
| 001 |
EBC459417 |
| 003 |
MiAaPQ |
| 005 |
20200520144314.0 |
| 006 |
m o d | |
| 007 |
cr cn||||||||| |
| 008 |
060823s2007 caua sb i001 0 eng d |
| 010 |
|
|
|z 2006028046
|
| 020 |
|
|
|z 0821365436
|
| 020 |
|
|
|z 0821365444
|
| 020 |
|
|
|z 9780821365441
|
| 020 |
|
|
|z 9780804757188 (North America)
|
| 020 |
|
|
|z 9780804757195 (North America ; pbk.)
|
| 035 |
|
|
|a (MiAaPQ)EBC459417
|
| 035 |
|
|
|a (Au-PeEL)EBL459417
|
| 035 |
|
|
|a (CaPaEBR)ebr10146802
|
| 035 |
|
|
|a (CaONFJC)MIL64354
|
| 035 |
|
|
|a (OCoLC)935270825
|
| 040 |
|
|
|a MiAaPQ
|c MiAaPQ
|d MiAaPQ
|
| 050 |
|
4 |
|a HG5160.5.A3
|b T675 2007
|
| 082 |
0 |
4 |
|a 332/.0415098
|2 22
|
| 100 |
1 |
|
|a Torre, Augusto de la.
|
| 245 |
1 |
0 |
|a Emerging capital markets and globalization
|h [electronic resource] :
|b the Latin American experience /
|c Augusto de la Torre and Sergio L. Schmukler.
|
| 260 |
|
|
|a Palo Alto, Calif. :
|b Stanford University Press,
|c c2007.
|
| 300 |
|
|
|a xviii, 209 p. :
|b ill.
|
| 490 |
1 |
|
|a Latin American development forum
|
| 500 |
|
|
|a "A copublication of Stanford Economics and Finance, an imprint of Stanford University Press, and the World Bank."
|
| 504 |
|
|
|a Includes bibliographical references and index.
|
| 533 |
|
|
|a Electronic reproduction. Ann Arbor, MI : ProQuest, 2015. Available via World Wide Web. Access may be limited to ProQuest affiliated libraries.
|
| 650 |
|
0 |
|a Capital market
|z Latin America.
|
| 650 |
|
0 |
|a Globalization
|x Economic aspects.
|
| 655 |
|
4 |
|a Electronic books.
|
| 700 |
1 |
|
|a Schmukler, Sergio L.
|
| 710 |
2 |
|
|a World Bank.
|
| 710 |
2 |
|
|a ProQuest (Firm)
|
| 830 |
|
0 |
|a Latin American development forum.
|
| 856 |
4 |
0 |
|u https://ebookcentral.proquest.com/lib/matrademy/detail.action?docID=459417
|z Click to View
|